The Walking Dead - Statistics

General Stats
  • This quiz has been taken 260 times
  • The average score is 9 of 13
Answer Stats
Hint Answer % Correct
The First character we meat who becomes the leader of the Atlanta group Rick Grimes
98%
Hershel's 2 daughters Beth and Maggie
86%
Name of the person who owns the farm Hershel Greene
84%
What is Rick's daughters name Judith
84%
Person who owned the RV Dale
82%
Who accidentally shots Carl Otis
81%
Where was the place that Lori gave birth The Prison
81%
Who did the Atlanta group spend most of season 2 looking for Sophia
78%
Who kills Hershel's walker head Michonne
76%
What is the name of the place that The Governor runs Woodbury
74%
Name of the place that the Atlanta group thought had the cure CDC
71%
What did Rick tell Andrea when she held a gun to his face Turn the safety off
13%
Name Rick tells Merle on the roof in Atlanta Officer Friendly
11%
No matching quizzes found
Score Distribution
Percent of People with Each Score
Percentile by Number Answered
Your Score History
You have not taken this quiz